000
00349nam a2200157Ia 4500
008
210210b1920 xxu||||| |||| 00| 0 eng d
041
_a
eng
082
_a
335/139
100
_a
HERRICK (M T)
245
_a
Rural credits
260
_a
New York
_b
-
_c
1920
650
_a
Rural
650
_a
credits
690
_a
Indian Economics
906
_a
004482
999
_c
125634
_d
125634